[Event "Santa Fe Perez op"]
[Site "Santa Fe"]
[Date "2025.03.04"]
[Round "9"]
[White "Perez Candelas, Andres Eloy"]
[Black "Tomeo, Ivan"]
[Result "1/2-1/2"]
[WhiteElo "2246"]
[BlackElo "2291"]
[PlyCount "82"]
[EventDate "2025.02.28"]
[EventType "swiss"]
[EventRounds "9"]
[EventCountry "ARG"]
[SourceTitle "CB10_2025"]
[SourceDate "2025.03.05"]
[SourceVersion "1"]
[SourceVersionDate "2025.03.05"]
[SourceQuality "1"]

1. c4 e5 2. e3 Nf6 3. d4 Bb4+ 4. Nc3 Nc6 5. Nf3 d6 6. Be2 0-0 7. 0-0 Bxc3 8. bxc3 Re8 9. Nd2 b6 10. d5 Na5 11. e4 Ba6 12. Bd3 Qc8 13. Qe2 c6 14. Rb1 Nd7 15. Nb3 cxd5 16. Nxa5 Nc5 17. Nb3 Nxd3 18. Qxd3 dxc4 19. Qg3 cxb3 20. Bh6 g6 21. Rfd1 bxa2 22. Ra1 Qe6 23. f4 exf4 24. Qxf4 Qxe4 25. Qxd6 Bb7 26. Rxa2 Qh4 27. Qf4 Re1+ 28. Rxe1 Qxe1+ 29. Qf1 Qxf1+ 30. Kxf1 a5 31. Be3 b5 32. Bd4 f6 33. g4 Kf7 34. Kf2 g5 35. Kg3 b4 36. h4 Bd5 37. Rf2 Ra6 38. Rf5 Be4 39. Rb5 bxc3 40. Bxc3 a4 41. hxg5 fxg5 1/2-1/2

[Event "Santa Fe Perez op"]
[Site "Santa Fe"]
[Date "2025.03.02"]
[Round "5"]
[White "Perez Ponsa, Federico"]
[Black "Tomeo, Ivan"]
[Result "1-0"]
[WhiteElo "2528"]
[BlackElo "2291"]
[PlyCount "53"]
[EventDate "2025.02.28"]
[EventType "swiss"]
[EventRounds "9"]
[EventCountry "ARG"]
[SourceTitle "CB10_2025"]
[SourceDate "2025.03.05"]
[SourceVersion "1"]
[SourceVersionDate "2025.03.05"]
[SourceQuality "1"]

1. d4 Nf6 2. c4 e6 3. Nc3 Bb4 4. Qc2 b6 5. e4 c5 6. d5 Qe7 7. Nge2 exd5 8. exd5 0-0 9. Bg5 h6 10. Bh4 b5 11. 0-0-0 bxc4 12. d6 Qe6 13. Nf4 Qe5 14. Nfd5 Nxd5 15. Nxd5 Nc6 16. Bxc4 Qh5 17. Nf6+ gxf6 18. Bxf6 Qg4 19. Kb1 Ba6 20. Rd3 Bxc4 21. Rg3 Be6 22. Qe4 h5 23. Rxg4+ Bxg4 24. Qf4 Kh7 25. h3 Be6 26. Qg5 Bd2 27. Qg7# 1-0

[Event "Mar de Ajo op 6th"]
[Site "Mar de Ajo"]
[Date "2024.11.10"]
[Round "5"]
[White "Charaf, Leonardo"]
[Black "Tomeo, Ivan"]
[Result "0-1"]
[WhiteElo "2062"]
[BlackElo "2290"]
[PlyCount "40"]
[EventDate "2024.11.08"]
[EventType "swiss"]
[EventRounds "6"]
[EventCountry "ARG"]
[SourceTitle "CB45_2024"]
[Source "ChessBase"]
[SourceDate "2024.11.06"]
[SourceVersion "1"]
[SourceVersionDate "2024.11.06"]
[SourceQuality "1"]

1. d4 Nf6 2. c4 e6 3. Nc3 Bb4 4. Qc2 d5 5. a3 Bxc3+ 6. Qxc3 0-0 7. Bg5 c5 8. dxc5 d4 9. Qf3 Nbd7 10. 0-0-0 e5 11. e3 e4 12. Qf4 d3 13. f3 Qa5 14. fxe4 Nxe4 15. Qxe4 Nxc5 16. Qf3 Bf5 17. Kb1 Qa4 18. Rd2 Qc2+ 19. Ka2 Qxc4+ 20. Kb1 Qc2+ 0-1

[Event "Mar de Ajo op 6th"]
[Site "Mar de Ajo"]
[Date "2024.11.09"]
[Round "3"]
[White "Tristan, Leonardo"]
[Black "Tomeo, Ivan"]
[Result "1-0"]
[WhiteElo "2531"]
[BlackElo "2290"]
[PlyCount "65"]
[EventDate "2024.11.08"]
[EventType "swiss"]
[EventRounds "6"]
[EventCountry "ARG"]
[SourceTitle "CB45_2024"]
[Source "ChessBase"]
[SourceDate "2024.11.06"]
[SourceVersion "1"]
[SourceVersionDate "2024.11.06"]
[SourceQuality "1"]

1. d4 Nf6 2. Nf3 e6 3. Bf4 d5 4. e3 c5 5. c3 Nc6 6. Nbd2 Be7 7. h3 Bd6 8. Bxd6 Qxd6 9. Bd3 0-0 10. 0-0 e5 11. dxc5 Qxc5 12. e4 Be6 13. Ng5 Rad8 14. Qc2 h6 15. Nxe6 fxe6 16. b4 Qe7 17. b5 Nb8 18. c4 d4 19. c5 Rc8 20. Nb3 Nh5 21. g3 Rf3 22. Qd1 Rcf8 23. Be2 Nxg3 24. Bxf3 Nxf1 25. Kxf1 Qh4 26. Ke2 Nd7 27. Qd3 Nf6 28. Rf1 Nh7 29. Bg4 h5 30. Bxe6+ Kh8 31. Bf5 Ng5 32. Qg3 d3+ 33. Kxd3 1-0

[Event "Mar de Ajo op 6th"]
[Site "Mar de Ajo"]
[Date "2024.11.08"]
[Round "1"]
[White "Yantorno, Jorge"]
[Black "Tomeo, Ivan"]
[Result "0-1"]
[WhiteElo "1853"]
[BlackElo "2290"]
[PlyCount "31"]
[EventDate "2024.11.08"]
[EventType "swiss"]
[EventRounds "6"]
[EventCountry "ARG"]
[SourceTitle "CB45_2024"]
[Source "ChessBase"]
[SourceDate "2024.11.06"]
[SourceVersion "1"]
[SourceVersionDate "2024.11.06"]
[SourceQuality "1"]

1. e4 e5 2. Nf3 Nc6 3. Bc4 Nf6 4. 0-0 Nxe4 5. Re1 d5 6. Qe2 Bc5 7. d4 Nxd4 8. Nxd4 Bxd4 9. Be3 Bxb2 10. Bxd5 Qxd5 11. c4 Qa5 12. Nd2 Nc3 13. Qf3 0-0 14. Qg3 Bf5 15. Nb3 Qa6 16. Rac1 0-1

[Event "Villa Martelli ProAm op 31st"]
[Site "Villa Martelli"]
[Date "2024.10.26"]
[Round "8"]
[White "Slipak, Sergio"]
[Black "Tomeo, Ivan"]
[Result "1/2-1/2"]
[WhiteElo "2375"]
[BlackElo "2241"]
[PlyCount "108"]
[EventDate "2024.10.19"]
[EventType "swiss"]
[EventRounds "9"]
[EventCountry "ARG"]
[SourceTitle "CB44_2024"]
[Source "Chessbase"]
[SourceDate "2024.10.30"]
[SourceVersion "1"]
[SourceVersionDate "2024.10.30"]
[SourceQuality "1"]

1. d4 Nf6 2. Nf3 d5 3. c4 e6 4. Nc3 Nbd7 5. cxd5 exd5 6. Bf4 Bb4 7. e3 Ne4 8. Qb3 c5 9. Be2 Qa5 10. Rc1 c4 11. Qc2 Qxa2 12. Nd2 Bxc3 13. bxc3 Qxc2 14. Rxc2 Nxd2 15. Kxd2 Nb6 16. Ra1 Bd7 17. Rca2 a6 18. Rb1 Bb5 19. Bc7 Na4 20. Bd1 Kd7 21. Ba5 b6 22. Bxa4 bxa5 23. Bxb5+ axb5 24. Rxb5 Ke6 25. Rbxa5 Rxa5 26. Rxa5 Rb8 27. Ra6+ Kf5 28. Kc2 Rb7 29. f3 Re7 30. Kd2 Rb7 31. g4+ Kg5 32. Ra5 Kh4 33. Rxd5 Kh3 34. Rf5 Kg2 35. e4 Kf2 36. d5 f6 37. h4 Rb2+ 38. Kc1 Rb6 39. g5 Ke3 40. Kc2 Ra6 41. e5 fxe5 42. Rxe5+ Kxf3 43. Re7 g6 44. Rxh7 Ke4 45. Rd7 Ra2+ 46. Kb1 Ra6 47. Rd8 Kd3 48. d6 Kxc3 49. d7 Rd6 50. h5 gxh5 51. g6 Rb6+ 52. Ka2 Ra6+ 53. Kb1 Rb6+ 54. Ka2 Ra6+ 1/2-1/2

[Event "Villa Martelli ProAm op 31st"]
[Site "Villa Martelli"]
[Date "2024.10.23"]
[Round "5"]
[White "Tomeo, Ivan"]
[Black "Pereyra, Gabriel Elias"]
[Result "1-0"]
[WhiteElo "2241"]
[BlackElo "2024"]
[PlyCount "88"]
[EventDate "2024.10.19"]
[EventType "swiss"]
[EventRounds "9"]
[EventCountry "ARG"]
[SourceTitle "CB44_2024"]
[Source "Chessbase"]
[SourceDate "2024.10.30"]
[SourceVersion "1"]
[SourceVersionDate "2024.10.30"]
[SourceQuality "1"]

1. e4 c6 2. d4 d5 3. e5 c5 4. Nf3 cxd4 5. Qxd4 Nc6 6. Qf4 e6 7. Bd3 Qc7 8. Nc3 a6 9. 0-0 Nge7 10. Re1 Ng6 11. Qg3 Nb4 12. h4 Nxd3 13. cxd3 h5 14. Bg5 Bd7 15. Rac1 Qb6 16. Be3 Qa5 17. Bd2 Qb6 18. Ng5 Bc5 19. Nxd5 exd5 20. e6 0-0 21. exd7 Rfd8 22. Qf3 Rxd7 23. Re2 Bb4 24. Qxh5 Bxd2 25. Rxd2 Qb4 26. Rdc2 Re8 27. g3 Nf8 28. Rc8 Qe7 29. Kg2 d4 30. R1c2 g6 31. Qf3 Rxc8 32. Rxc8 Kg7 33. Ne4 Rc7 34. Rxc7 Qxc7 35. Qf6+ Kh7 36. Qxd4 Ne6 37. Nf6+ Kh6 38. Qe3+ g5 39. hxg5+ Kg6 40. Ne4 Qe5 41. b3 Qd5 42. Qf3 Nd4 43. Qf6+ Kh7 44. Qh6+ Kg8 1-0

[Event "Villa Martelli ProAm op 31st"]
[Site "Villa Martelli"]
[Date "2024.10.20"]
[Round "2"]
[White "Tomeo, Ivan"]
[Black "Mayo, Raul"]
[Result "1-0"]
[WhiteElo "2241"]
[BlackElo "2012"]
[PlyCount "89"]
[EventDate "2024.10.19"]
[EventType "swiss"]
[EventRounds "9"]
[EventCountry "ARG"]
[SourceTitle "CB44_2024"]
[Source "Chessbase"]
[SourceDate "2024.10.30"]
[SourceVersion "1"]
[SourceVersionDate "2024.10.30"]
[SourceQuality "1"]

1. d4 Nf6 2. Nf3 c5 3. d5 e6 4. Nc3 a6 5. e4 b5 6. dxe6 fxe6 7. e5 b4 8. exf6 bxc3 9. f7+ Kxf7 10. Bd3 Be7 11. Ne5+ Kg8 12. Qh5 Qf8 13. 0-0 d6 14. f4 g6 15. Qf3 Ra7 16. Ng4 h5 17. Ne3 Bf6 18. bxc3 Rg7 19. Rb1 Bd7 20. Bd2 Bc6 21. Qh3 Bd7 22. Rb7 d5 23. Rfb1 e5 24. Rxb8 Bxh3 25. Rxf8+ Kxf8 26. Rb8+ Kf7 27. Rxh8 Be6 28. c4 exf4 29. Nxd5 Bd4+ 30. Kf1 g5 31. h4 f3 32. hxg5 fxg2+ 33. Kxg2 Rxg5+ 34. Bxg5 Bxh8 35. Nf4 Bg4 36. Kg3 Bc3 37. Bg6+ Kg7 38. Bxh5 Bxh5 39. Nxh5+ Kf7 40. Be3 Bb4 41. Kf3 Ke6 42. Ke4 Kd6 43. Nf4 Kc6 44. Nd3 Ba3 45. Nc1 1-0

[Event "Buenos Aires Masters op"]
[Site "Buenos Aires"]
[Date "2024.06.23"]
[Round "9"]
[White "Tomeo, Ivan"]
[Black "Cardozo, Lucas"]
[Result "1/2-1/2"]
[WhiteElo "2250"]
[BlackElo "2107"]
[PlyCount "120"]
[EventDate "2024.06.17"]
[EventType "swiss"]
[EventRounds "9"]
[EventCountry "ARG"]
[SourceTitle "EXT 2025"]
[Source "ChessBase"]
[SourceDate "2024.10.14"]
[SourceVersion "1"]
[SourceVersionDate "2024.10.14"]
[SourceQuality "1"]

1. e4 c5 2. Nf3 Nc6 3. Bb5 Nf6 4. Nc3 Qc7 5. 0-0 Nd4 6. h3 a6 7. Bd3 d6 8. Nxd4 cxd4 9. Ne2 e5 10. c3 dxc3 11. dxc3 Be7 12. c4 Be6 13. Be3 0-0 14. Rc1 Rac8 15. Nc3 Qb8 16. Qe2 h6 17. Rc2 b5 18. cxb5 axb5 19. Nxb5 Bxa2 20. Na7 Rxc2 21. Qxc2 Be6 22. Nc6 Qb7 23. Ra1 Bd8 24. Ra7 Qc8 25. Ba6 Bb3 26. Bxc8 Bxc2 27. f3 d5 28. exd5 Nxd5 29. Bc5 Bb6 30. Bxb6 Rxc8 31. Ne7+ Nxe7 32. Rxe7 Rb8 33. Bc7 Rxb2 34. Bxe5 Rb1+ 35. Kf2 Rb6 36. Rc7 Bb3 37. g4 Ra6 38. h4 f6 39. Bc3 Bf7 40. h5 Re6 41. Bd4 Ra6 42. Rc1 Bd5 43. Rc5 Bf7 44. f4 Ra4 45. Ke3 Rc4 46. Ra5 Rc8 47. g5 Re8+ 48. Kf2 fxg5 49. fxg5 Rf8 50. Bc5 Rc8 51. g6 Bb3 52. Kg3 Kh8 53. Bd4 Rd8 54. Be5 Re8 55. Rb5 Bc4 56. Rc5 Bb3 57. Bd6 Bd1 58. Rf5 Bxh5 59. Rxh5 Re6 60. Be5 Rxg6+ 1/2-1/2

[Event "Buenos Aires Masters op"]
[Site "Buenos Aires"]
[Date "2024.06.20"]
[Round "5"]
[White "Tomeo, Ivan"]
[Black "Ocantos, Manuel"]
[Result "1-0"]
[WhiteElo "2250"]
[BlackElo "2145"]
[PlyCount "46"]
[EventDate "2024.06.17"]
[EventType "swiss"]
[EventRounds "9"]
[EventCountry "ARG"]
[SourceTitle "CBM 220 Extra"]
[Source "ChessBase"]
[SourceDate "2024.07.31"]
[SourceVersion "1"]
[SourceVersionDate "2024.07.31"]
[SourceQuality "1"]

1. e4 c5 2. Nc3 d6 3. Nf3 Nf6 4. Bc4 e6 5. d4 cxd4 6. Nxd4 Be7 7. Be3 0-0 8. Qe2 d5 9. Bb3 e5 10. Nf3 d4 11. 0-0-0 Qa5 12. Nxd4 exd4 13. Bxd4 Nc6 14. e5 Nxd4 15. Rxd4 Bc5 16. Ra4 Qb6 17. exf6 Qxf6 18. Ne4 Qh6+ 19. Qd2 Qxd2+ 20. Kxd2 b5 21. Nxc5 bxa4 22. Bxa4 Bf5 23. b4 Rfd8+ 1-0

[Event "Villa Constitucion op 5th"]
[Site "Villa Constitucion"]
[Date "2023.08.18"]
[Round "3"]
[White "Tomeo, Ivan"]
[Black "Herrera, Martin"]
[Result "1-0"]
[WhiteElo "2252"]
[BlackElo "2049"]
[PlyCount "121"]
[EventDate "2023.08.17"]
[EventType "swiss"]
[EventRounds "9"]
[EventCountry "ARG"]
[SourceTitle "CBM 216 Extra"]
[Source "ChessBase"]
[SourceDate "2023.11.30"]
[SourceVersion "1"]
[SourceVersionDate "2023.11.30"]
[SourceQuality "1"]

1. e4 e5 2. Nf3 Nc6 3. Bb5 Nf6 4. d3 Bc5 5. Bxc6 dxc6 6. 0-0 Nd7 7. Nbd2 0-0 8. Nc4 f6 9. c3 Nb6 10. Na5 Re8 11. d4 exd4 12. cxd4 Bf8 13. Qc2 Kh8 14. a3 Qd6 15. b4 Rb8 16. h3 Be6 17. Re1 Bf7 18. Bb2 Qf4 19. Re3 Bg6 20. Rae1 Nc8 21. R3e2 Qh6 22. Qb3 Qh5 23. e5 Nb6 24. b5 Nd5 25. exf6 Rxe2 26. fxg7+ Bxg7 27. Rxe2 Rf8 28. Nc4 Nf4 29. Re3 Bf7 30. d5 Qg6 31. Nh4 Qg5 32. Ne5 Bxd5 33. Qxd5 Nxh3+ 34. Kh2 Qf4+ 35. Kxh3 cxd5 36. Nhg6+ hxg6 37. Nxg6+ Kg8 38. Nxf4 Bxb2 39. Nxd5 Rxf2 40. Nxc7 Rf4 41. Nd5 Ra4 42. Re8+ Kf7 43. Re7+ Kg6 44. Rxb7 Rxa3+ 45. Kh4 Bd4 46. Nf4+ Kh6 47. Rc7 Bf2+ 48. Kg4 Rg3+ 49. Kf5 Rg5+ 50. Ke4 Rxb5 51. Rc6+ Kh7 52. g4 Rb4+ 53. Kf3 Bb6 54. g5 Kg8 55. g6 Bd4 56. Ne6 Rb3+ 57. Ke4 Rc3 58. Nxd4 Rxc6 59. Nxc6 Kg7 60. Kf5 a6 61. Kg5 1-0

[Event "Mercosur Cup 24th"]
[Site "Buenos Aires"]
[Date "2022.11.03"]
[Round "4"]
[White "Campos, Maria Jose"]
[Black "Tomeo, Ivan"]
[Result "0-1"]
[WhiteElo "2259"]
[BlackElo "2233"]
[PlyCount "84"]
[EventDate "2022.10.31"]
[EventType "tourn"]
[EventRounds "9"]
[EventCountry "ARG"]
[EventCategory "2"]
[SourceTitle "CBM 211 Extra"]
[Source "ChessBase"]
[SourceDate "2023.01.31"]
[SourceVersion "1"]
[SourceVersionDate "2023.01.31"]
[SourceQuality "1"]

1. c4 e5 2. g3 c6 3. d4 e4 4. d5 Bb4+ 5. Bd2 Qe7 6. e3 Nf6 7. Bg2 Na6 8. Ne2 0-0 9. 0-0 cxd5 10. cxd5 d6 11. a3 Bxd2 12. Nxd2 Bf5 13. h3 h5 14. Nf4 g6 15. b4 Nc7 16. Rc1 Rfc8 17. Nc4 Nce8 18. Qd4 Rc7 19. Na5 Qe5 20. Rxc7 Qxd4 21. exd4 Nxc7 22. Nxb7 Nb5 23. a4 Rb8 24. Na5 Nxd4 25. b5 g5 26. Nxh5 Nxh5 27. g4 Bxg4 28. hxg4 Ne2+ 29. Kh2 Nhf4 30. Nc6 Re8 31. Ra1 Kg7 32. Ra3 Rh8+ 33. Bh3 f5 34. a5 fxg4 35. Nxa7 Nxh3 36. Rxh3 Rxh3+ 37. Kg2 Nf4+ 38. Kg1 g3 39. fxg3 Rxg3+ 40. Kf2 Rf3+ 41. Ke1 e3 42. b6 Rf2 0-1

[Event "ARG-ch 96th"]
[Site "Buenos Aires"]
[Date "2022.06.10"]
[Round "9"]
[White "Flores, Diego"]
[Black "Tomeo, Ivan"]
[Result "1-0"]
[WhiteElo "2526"]
[BlackElo "2246"]
[PlyCount "59"]
[EventDate "2022.06.02"]
[EventType "swiss"]
[EventRounds "11"]
[EventCountry "ARG"]
[SourceTitle "CBM 208 Extra"]
[Source "ChessBase"]
[SourceDate "2022.07.31"]
[SourceVersion "1"]
[SourceVersionDate "2022.07.31"]
[SourceQuality "1"]

1. c4 Nf6 2. g3 c5 3. Bg2 Nc6 4. Nf3 d5 5. cxd5 Nxd5 6. Nc3 Nc7 7. 0-0 e5 8. d3 Be7 9. Nd2 Bd7 10. Nc4 0-0 11. a4 b6 12. Be3 Rc8 13. Nb5 Nxb5 14. axb5 Nb4 15. Rxa7 Bxb5 16. Nxb6 Qxb6 17. Rxe7 Qd6 18. Ra7 Ba6 19. Qa4 Qb6 20. Qd7 Nc2 21. Bd5 Rcd8 22. Bxf7+ Kh8 23. Qc7 Qxc7 24. Rxc7 e4 25. Bxc5 exd3 26. Bxf8 Rxf8 27. exd3 Nd4 28. Bd5 Bxd3 29. Rd1 Nb5 30. Rd7 1-0

[Event "ARG-ch sf 95th"]
[Site "Buenos Aires"]
[Date "2020.02.27"]
[Round "6"]
[White "Tomeo, Ivan"]
[Black "Blit, Jacques"]
[Result "1-0"]
[WhiteElo "2171"]
[BlackElo "2343"]
[PlyCount "95"]
[EventDate "2020.02.22"]
[EventType "swiss"]
[EventRounds "9"]
[EventCountry "ARG"]
[SourceTitle "CBM 195 Extra"]
[Source "ChessBase"]
[SourceDate "2020.05.31"]
[SourceVersion "1"]
[SourceVersionDate "2020.05.31"]
[SourceQuality "1"]

1. e4 c5 2. Nf3 d6 3. d4 cxd4 4. Nxd4 Nf6 5. Nc3 Nc6 6. Bc4 Qb6 7. Be3 Qxb2 8. Ndb5 Qb4 9. Qe2 Nxe4 10. Bd4 Nxd4 11. Qxe4 e5 12. Qd5 Nxb5 13. Bxb5+ Bd7 14. Bxd7+ Kxd7 15. 0-0 Be7 16. Rab1 Qxc3 17. Rxb7+ Kd8 18. Qb5 Qc8 19. Rb1 Bf6 20. Rb4 a6 21. Qd5 Be7 22. Qxf7 Re8 23. Qb3 Rf8 24. Rb8 Rxb8 25. Rxb8 Kc7 26. Qb6+ Kd7 27. Rxc8 Rxc8 28. Qxa6 Rxc2 29. Qa4+ Rc6 30. Qb5 Kc7 31. Qa5+ Kd7 32. g3 Ke6 33. Qb5 Rc1+ 34. Kg2 d5 35. a4 d4 36. Qb3+ Kf6 37. Qf3+ Ke6 38. a5 Rc3 39. Qe2 d3 40. Qa2+ Kf6 41. a6 Ra3 42. Qd5 Bb4 43. Qc6+ Kf5 44. Qf3+ Kg5 45. h4+ Kh6 46. Qe3+ Kg6 47. Qb6+ Kh5 48. Qxb4 1-0

[Event "Buenos Aires Meranol Cup"]
[Site "Buenos Aires"]
[Date "2019.10.26"]
[Round "9"]
[White "Tomeo, Ivan"]
[Black "Payares Leon, Daniel Alfonso"]
[Result "1-0"]
[WhiteElo "2130"]
[BlackElo "2054"]
[PlyCount "97"]
[EventDate "2019.10.17"]
[EventType "tourn"]
[EventRounds "9"]
[EventCountry "ARG"]
[EventCategory "2"]
[SourceTitle "CBM 192 Extra"]
[Source "Chessbase"]
[SourceDate "2019.11.06"]
[SourceVersion "1"]
[SourceVersionDate "2019.11.06"]
[SourceQuality "1"]

1. e4 c5 2. Nf3 Nc6 3. Bb5 g6 4. 0-0 Bg7 5. c3 a6 6. Bxc6 dxc6 7. a4 a5 8. h3 e5 9. Na3 Be6 10. Qe2 h6 11. Nc4 Qc7 12. b3 Ne7 13. Ba3 b6 14. d4 exd4 15. cxd4 0-0 16. dxc5 b5 17. axb5 cxb5 18. Nb6 Rab8 19. Rac1 g5 20. Bb2 Bxb2 21. Qxb2 Rfd8 22. Qf6 Ng6 23. Nd4 Rxd4 24. Qxd4 Bxb3 25. Nd5 Bxd5 26. exd5 b4 27. Rfe1 Rd8 28. d6 Qc6 29. Qe4 Qd7 30. c6 Qxd6 31. c7 Rc8 32. Qb7 Qf8 33. Red1 Kg7 34. Qxc8 Qxc8 35. Rd8 Ne7 36. Rxc8 Nxc8 37. Ra1 Kf6 38. Rxa5 Ke7 39. Rb5 Kd7 40. Rxb4 Kxc7 41. Ra4 Kd7 42. Ra8 f6 43. g3 Nd6 44. Kg2 Nf7 45. Kf3 f5 46. Ke3 Ke7 47. Ra6 h5 48. Rg6 g4 49. h4 1-0

[Event "Buenos Aires Meranol Cup"]
[Site "Buenos Aires"]
[Date "2019.10.25"]
[Round "7"]
[White "Tomeo, Ivan"]
[Black "Dolezal, Cristian"]
[Result "1/2-1/2"]
[WhiteElo "2130"]
[BlackElo "2406"]
[PlyCount "55"]
[EventDate "2019.10.17"]
[EventType "tourn"]
[EventRounds "9"]
[EventCountry "ARG"]
[EventCategory "2"]
[SourceTitle "CBM 192 Extra"]
[Source "Chessbase"]
[SourceDate "2019.11.06"]
[SourceVersion "1"]
[SourceVersionDate "2019.11.06"]
[SourceQuality "1"]

1. e4 Nc6 2. Nf3 d6 3. d4 Nf6 4. d5 Nb8 5. Nc3 g6 6. Bg5 Bg7 7. Qd2 h6 8. Bf4 e5 9. dxe6 Bxe6 10. Bb5+ Nbd7 11. 0-0 g5 12. Be3 Ng4 13. Bd4 Nge5 14. Nxe5 dxe5 15. Be3 c6 16. Ba4 Bf8 17. Bb3 Bc5 18. Nd1 Qe7 19. Qe2 0-0-0 20. c3 Nf6 21. Bxe6+ fxe6 22. b4 Bxe3 23. Qxe3 Qc7 24. Nb2 Qb6 25. Qf3 Rhf8 26. a4 Nd5 27. Qg4 Nf4 28. Nc4 1/2-1/2

[Event "Buenos Aires Meranol Cup"]
[Site "Buenos Aires"]
[Date "2019.10.24"]
[Round "6"]
[White "Mussanti, Diego"]
[Black "Tomeo, Ivan"]
[Result "1/2-1/2"]
[WhiteElo "2376"]
[BlackElo "2130"]
[PlyCount "84"]
[EventDate "2019.10.17"]
[EventType "tourn"]
[EventRounds "9"]
[EventCountry "ARG"]
[EventCategory "2"]
[SourceTitle "CBM 192 Extra"]
[Source "Chessbase"]
[SourceDate "2019.11.06"]
[SourceVersion "1"]
[SourceVersionDate "2019.11.06"]
[SourceQuality "1"]

1. e4 e6 2. d4 d5 3. Nc3 Bb4 4. e5 c5 5. a3 Bxc3+ 6. bxc3 Ne7 7. Qg4 cxd4 8. cxd4 Qc7 9. Ne2 Nbc6 10. Bd2 0-0 11. h4 f6 12. f4 Nf5 13. c3 b6 14. Ng3 Nxg3 15. Qxg3 a5 16. h5 Ba6 17. Bxa6 Rxa6 18. h6 g6 19. a4 Raa8 20. 0-0 Na7 21. Rab1 Qc6 22. exf6 Rxf6 23. Rfe1 Nc8 24. Qg4 Kf7 25. Re2 Nd6 26. Be1 Ne4 27. Reb2 Rb8 28. Qf3 Kg8 29. Qd3 Rxf4 30. Bg3 Nxg3 31. Qxg3 Qd6 32. Rf2 Rbf8 33. Rxb6 Qxb6 34. Rxf4 Qb1+ 35. Kh2 Rxf4 36. Qxf4 Qf5 37. Qb8+ Kf7 38. Qc7+ Ke8 39. Qxa5 Qf4+ 40. Kg1 Qc1+ 41. Kf2 Qd2+ 42. Kf1 Qd1+ 1/2-1/2

[Event "Buenos Aires Meranol Cup"]
[Site "Buenos Aires"]
[Date "2019.10.19"]
[Round "3"]
[White "Tomeo, Ivan"]
[Black "Romero Barreto, Jaime Jose"]
[Result "0-1"]
[WhiteElo "2130"]
[BlackElo "2354"]
[PlyCount "130"]
[EventDate "2019.10.17"]
[EventType "tourn"]
[EventRounds "9"]
[EventCountry "ARG"]
[EventCategory "2"]
[SourceTitle "CBM 192 Extra"]
[Source "Chessbase"]
[SourceDate "2019.11.06"]
[SourceVersion "1"]
[SourceVersionDate "2019.11.06"]
[SourceQuality "1"]

1. e4 e5 2. Nf3 Nc6 3. Bc4 Bc5 4. c3 Nf6 5. d3 d6 6. Nbd2 a6 7. Bb3 Ba7 8. 0-0 h6 9. Re1 0-0 10. h3 Re8 11. Nc4 Be6 12. Ne3 Qd7 13. Nh4 d5 14. Qf3 dxe4 15. dxe4 Bxb3 16. axb3 Qd3 17. Ra4 Bxe3 18. Nf5 Bxf2+ 19. Qxf2 Re6 20. Kh2 Ne8 21. Re3 Qd1 22. Ra1 Qxb3 23. Rg3 Kf8 24. Qc5+ Ne7 25. Rxg7 Nxg7 26. Bxh6 Qb6 27. Bxg7+ Kg8 28. Nxe7+ Kxg7 29. Nf5+ Kh7 30. Qc4 Qxb2 31. Rf1 Rg8 32. Ne3 Reg6 33. Qxf7+ R8g7 34. Qf3 Qxc3 35. Kh1 Qb3 36. Qh5+ Kg8 37. Nd5 Qg3 38. Qe2 Qxg2+ 39. Qxg2 Rxg2 40. h4 R2g4 41. Nf6+ Kh8 42. Nxg4 Rxg4 43. Rf8+ Kg7 44. Rc8 c6 45. Rc7+ Kf6 46. Rxb7 Rxh4+ 47. Kg2 Rxe4 48. Rb6 Rc4 49. Rxa6 Kf5 50. Kf3 Rc3+ 51. Ke2 Ke4 52. Ra4+ Kd5 53. Ra6 Rh3 54. Ra5+ c5 55. Ra8 c4 56. Kd2 Rd3+ 57. Kc2 Kd4 58. Rd8+ Ke3 59. Rh8 e4 60. Rc8 Rd7 61. Rh8 Kf3 62. Rf8+ Ke2 63. Rh8 e3 64. Kc3 Kf2 65. Rf8+ Ke1 0-1

[Event "Villa Martelli ProAm op 24th"]
[Site "Villa Martelli"]
[Date "2017.10.01"]
[Round "2"]
[White "Tomeo, Ivan"]
[Black "Flores, Diego"]
[Result "0-1"]
[WhiteElo "2149"]
[BlackElo "2574"]
[PlyCount "80"]
[EventDate "2017.10.01"]
[EventType "swiss"]
[EventRounds "9"]
[EventCountry "ARG"]
[SourceTitle "CBM 181 Extra"]
[Source "ChessBase"]
[SourceDate "2017.12.12"]
[SourceVersion "1"]
[SourceVersionDate "2017.12.12"]
[SourceQuality "1"]

1. e4 c5 2. Nf3 e6 3. d4 cxd4 4. Nxd4 a6 5. Nc3 b5 6. Bd3 Bb7 7. Qe2 Qb6 8. Nb3 Qc7 9. f4 b4 10. Nd1 Nf6 11. c4 d6 12. Bd2 Nc6 13. Rc1 Be7 14. 0-0 Nd7 15. Ne3 Nc5 16. Bb1 a5 17. Qg4 g6 18. Qh3 Nxb3 19. axb3 Nd4 20. f5 Ne2+ 21. Kh1 Nxc1 22. Bxc1 Qd7 23. c5 exf5 24. exf5 dxc5 25. Rd1 Qc8 26. Qh6 Ra6 27. Re1 Qc6 28. Bd3 Kd8 29. Qh3 Re8 30. Nc4 Bf6 31. Rd1 Bd4 32. Bf4 Qd5 33. Qg3 gxf5 34. Bc7+ Kc8 35. Bb6 f4 36. Qg4+ Kb8 37. Qxf4+ Ka8 38. Bf1 Rg8 39. Rd2 Qe6 40. Re2 Qxe2 0-1

[Event "ARG-chT"]
[Site "Villa Martelli"]
[Date "2017.09.23"]
[Round "8.3"]
[White "Tomeo, Ivan"]
[Black "Cuevas, Alex"]
[Result "1-0"]
[WhiteElo "2149"]
[BlackElo "2243"]
[PlyCount "55"]
[EventDate "2017.08.05"]
[EventType "team-swiss"]
[EventRounds "9"]
[EventCountry "ARG"]
[SourceTitle "EXT 2018"]
[Source "ChessBase"]
[SourceDate "2017.10.13"]
[SourceVersion "1"]
[SourceVersionDate "2017.10.13"]
[SourceQuality "1"]
[WhiteTeam "Centro Univ CUV"]
[BlackTeam "El Sanitarista 15 Mayo"]
[WhiteTeamCountry "ARG"]
[BlackTeamCountry "ARG"]

1. e4 c5 2. Nf3 e6 3. d4 cxd4 4. Nxd4 a6 5. Nc3 Qc7 6. Bd3 Nf6 7. Qe2 d6 8. f4 Nbd7 9. g4 h6 10. 0-0 Be7 11. Bd2 Nc5 12. b4 Nxd3 13. cxd3 g6 14. Rac1 Qb6 15. Be3 Qd8 16. Nb3 h5 17. g5 Ng4 18. Bd2 e5 19. Nd5 0-0 20. h3 exf4 21. hxg4 Bxg4 22. Qf2 Bxg5 23. Bxf4 Bh3 24. Qg3 Bg4 25. Na5 Bxf4 26. Qxf4 Kg7 27. Nxb7 Qh4 28. Nxd6 1-0

[Event "Buenos Aires Moron"]
[Site "Buenos Aires"]
[Date "2013.04.26"]
[Round "9"]
[White "Tomeo, Ivan"]
[Black "Pichot, Alan"]
[Result "0-1"]
[WhiteElo "2106"]
[BlackElo "2327"]
[PlyCount "66"]
[EventDate "2013.04.15"]
[EventType "tourn"]
[EventRounds "9"]
[EventCountry "ARG"]
[SourceTitle "EXT 2024"]
[Source "ChessBase"]
[SourceDate "2023.10.10"]
[SourceVersion "1"]
[SourceVersionDate "2023.10.10"]
[SourceQuality "1"]

1. e4 c5 2. Nf3 Nc6 3. d4 cxd4 4. Nxd4 Qb6 5. Nb3 Nf6 6. Nc3 e6 7. Be3 Qc7 8. Be2 Bb4 9. Bd3 d5 10. exd5 Nxd5 11. Bd2 Nxc3 12. bxc3 Qe5+ 13. Qe2 Bxc3 14. Qxe5 Bxd2+ 15. Kxd2 Nxe5 16. a4 Bd7 17. Nc5 Bc6 18. Bb5 0-0-0+ 19. Ke2 Rd5 20. Nb3 Bxb5+ 21. axb5 Kb8 22. f4 Ng6 23. c4 Nxf4+ 24. Ke3 Nxg2+ 25. Kf2 Rd3 26. Rhb1 Nh4 27. b6 axb6 28. c5 Rc8 29. Ke2 Rh3 30. cxb6 Rxh2+ 31. Kd3 Rh3+ 32. Kd2 Nf3+ 33. Ke2 Rc2+ 0-1